Jurai palma (Record no. 52816)

MARC details
000 -LEADER
fixed length control field 00713nam a2200253 i 4500
001 - CONTROL NUMBER
control field C2-0237119
003 - CONTROL NUMBER IDENTIFIER
control field PPAK
005 - DATE AND TIME OF LATEST TRANSACTION
control field 20180727200716.0
008 - FIXED-LENGTH DATA ELEMENTS--GENERAL INFORMATION
fixed length control field 011115s2001 my a|||| ||||| | may d
020 ## - INTERNATIONAL STANDARD BOOK NUMBER
International Standard Book Number 9836271295
040 ## - CATALOGING SOURCE
Original cataloging agency PPAK
Language of cataloging eng
Transcribing agency PPAK
Description conventions rda
082 04 - DEWEY DECIMAL CLASSIFICATION NUMBER
Classification number 899.233
Edition number 23
090 00 - LOCALLY ASSIGNED LC-TYPE CALL NUMBER (OCLC); LOCAL CALL NUMBER (RLIN)
Classification number (OCLC) (R) ; Classification number, CALL (RLIN) (NR) 899.233
Feature heading SIT
Feature heading G
100 0# - MAIN ENTRY--PERSONAL NAME
Personal name Siti Zainion Ismail,
Dates associated with a name 1949-
Relator term author
245 10 - TITLE STATEMENT
Title Jurai palma
264 #1 - PRODUCTION, PUBLICATION, DISTRIBUTION, MANUFACTURE, AND COPYRIGHT NOTICE
Place of production, publication, distribution, manufacture Kuala Lumpur :
Name of producer, publisher, distributor, manufacturer Dewan Bahasa dan Pustaka ,
Date of production, publication, distribution, manufacture, or copyright notice 2001
300 ## - PHYSICAL DESCRIPTION
Extent 218 pages :
Other physical details illustrations ;
Dimensions 19 cm
336 ## - CONTENT TYPE
Source rdacontent
Content type term text
337 ## - MEDIA TYPE
Source rdamedia
Media type term unmediated
338 ## - CARRIER TYPE
Source rdacarrier
Carrier type term volume
500 ## - GENERAL NOTE
General note Kumpulan cerpen (1990-1999)
650 10 - SUBJECT ADDED ENTRY--TOPICAL TERM
Topical term or geographic name entry element Short stories, Malay.
942 ## - ADDED ENTRY ELEMENTS (KOHA)
-- dc
Koha item type Book
Holdings
Withdrawn Not for loan Current library Shelving location Date acquired Full call number Barcode Date last seen Koha item type Total Checkouts
    Perpustakaan Bandar Baharu Pinjaman Dewasa 30/01/2002 899.233 SIT A00987920 08/05/2018 Book  
    Perpustakaan Bandar Baharu Pinjaman Dewasa 30/01/2002 899.233 SIT A00987921 08/05/2018 Book  
    Perpustakaan Jitra Pinjaman Dewasa 30/01/2002 899.233 SIT A00987912 08/05/2018 Book  
    Perpustakaan Jitra Pinjaman Dewasa 30/01/2002 899.233 SIT A00987913 08/05/2018 Book  
    Perpustakaan Kulim Pinjaman Dewasa 30/01/2002 899.233 SIT A00987917 08/05/2018 Book  
    Perpustakaan Yan Pinjaman Dewasa 30/01/2002 899.233 SIT A00987918 08/05/2018 Book  
    Bergerak 1, Alor Setar Pinjaman Dewasa 30/01/2002 899.233 SIT A00987925 08/05/2018 Book  
    Bergerak 1, Alor Setar Pinjaman Dewasa 30/01/2002 899.233 SIT A00987926 08/05/2018 Book  
    Bergerak 3, Baling Pinjaman Dewasa 30/01/2002 899.233 SIT A00987929 08/05/2018 Book  
    Bergerak 4, Sungai Petani Pinjaman Dewasa 30/01/2002 899.233 SIT A00987932 08/05/2018 Book  
    Bergerak 5, Kulim Pinjaman Dewasa 30/01/2002 899.233 SIT A00987934 08/05/2018 Book  
    Bergerak 5, Kulim Pinjaman Dewasa 30/01/2002 899.233 SIT A00987936 08/05/2018 Book  
    PD12, Kg. Padang, Baling Pinjaman Dewasa 30/01/2002 899.233 SIT A00987924 08/05/2018 Book